000 00873nas a2200301 4500
001 BR2014001121
003 BR-BrBNA
005 20231205123729.0
007 ta
008 230509b bl.|||p| |||| 00| 00por d
040 _aBR-BrBNA
_bpor
_cBiblioteca Nacional de Agricultura
041 _a(Pt)
072 _aF03
100 1 _aSilveira, N.M.
100 1 _aAlves, J.D.
100 1 _aDousseau, S.
100 1 _aAlvarenga, A.A. de
245 1 _aTecnologias de sementes de Sebastiania membranifolia Mull Arg (Euphorbiaceae)
650 _aSARANDI
650 _aEUPHORBIACEAE
650 _aÁRVORE FLORESTAL
650 _aSEMENTE
650 _aGERMINAÇÃO
650 _aSUBSTRATO DE CULTURA
773 0 _tCerne (Brazil)
_xISSN 0104-7760
_g(Oct-dez 2013), v. 19(4) p. 669-675
_wBR2014001121
909 _a202311
_bLúcia
_c55
_dLúcia Elande
942 _2AGRIS
_n0
_cANA
999 _c235408
_d235408